[Event "Campeonato de Chile FENACH 2004"]
[Site "?"]
[Date "2005.01.07"]
[Round "7"]
[White "Valdes, Alvaro"]
[Black "Vasquez, Rodrigo"]
[Result "0-1"]
[WhiteElo "2126"]
[BlackElo "2561"]
[PlyCount "118"]
[SourceDate "2005.01.04"]

1. c4 Nf6 2. Nc3 c5 3. e4 Nc6 4. g3 g6 5. Bg2 Bg7 6. Nge2 O-O 7. O-O d6 8. a3
Ne8 9. Rb1 a5 10. d3 Nc7 11. Be3 Ne6 12. Nb5 Ned4 13. Nbxd4 cxd4 14. Bd2 Rb8
15. Qc2 Bg4 16. f3 Bd7 17. a4 b6 18. f4 f5 19. b3 Qc7 20. Rbe1 Rbe8 21. Kh1 Kh8
22. Ng1 e5 23. exf5 gxf5 24. Nh3 Nb8 25. Qd1 Bc6 26. fxe5 dxe5 27. Qh5 Bxg2+
28. Kxg2 Qc6+ 29. Kg1 Qg6 30. Qxg6 hxg6 31. b4 axb4 32. Bxb4 Rf6 33. Nf2 Rfe6
34. Re2 Na6 35. Ba3 Kg8 36. Rfe1 Bf8 37. Bb2 Nc5 38. Ra1 Kf7 39. Kf1 Bh6 40.
Ra3 Ra8 41. Ke1 Rxa4 42. Rxa4 Nxa4 43. Ba1 Nc5 44. Ra2 Be3 45. Ra7+ Re7 46. Ra3
Rb7 47. Nd1 Bc1 48. Bb2 Bxb2 49. Nxb2 e4 50. dxe4 fxe4 51. Ke2 Ke6 52. Ra8 Rh7
53. h4 g5 54. Nd1 gxh4 55. gxh4 Rxh4 56. Re8+ Kd7 57. Rb8 Rh2+ 58. Ke1 Nd3+ 59.
Kf1 Rd2 0-1

[Event "Campeonato de Chile FENACH 2004"]
[Site "?"]
[Date "2005.01.07"]
[Round "7"]
[White "Vera, Sergio"]
[Black "Llorens, Marcelo"]
[Result "0-1"]
[WhiteElo "2171"]
[BlackElo "2418"]
[PlyCount "100"]
[SourceDate "2005.01.04"]

1. Nf3 g6 2. c4 Bg7 3. d4 Nf6 4. Nc3 c5 5. e4 cxd4 6. Nxd4 d6 7. Be2 Nc6 8. O-O
O-O 9. Nc2 Bd7 10. Bg5 Qa5 11. Qd2 Rfc8 12. Rab1 Qd8 13. Kh1 a5 14. b3 a4 15.
f3 axb3 16. axb3 Na5 17. Nd4 Nc6 18. Nc2 Na7 19. Be3 Qe8 20. Ra1 Nc6 21. Bb6
Rxa1 22. Rxa1 Ra8 23. Rxa8 Qxa8 24. Na4 Be8 25. c5 dxc5 26. Bxc5 Nd7 27. Be3
Qb8 28. Bb5 Nde5 29. Bb6 h5 30. h3 Qc8 31. f4 Nd7 32. Bf2 Nf6 33. Qd3 e5 34.
Nb6 Qb8 35. Nd5 exf4 36. Bxc6 bxc6 37. Nb6 Qe5 38. Bd4 Qxe4 39. Qc3 {#} 39...
Nd5 40. Nxd5 Bxd4 41. Qxd4 cxd5 42. Qc3 Bd7 43. Kg1 f3 44. gxf3 Qf4 45. Nd4
Qg3+ 46. Kh1 Qxh3+ 47. Kg1 Qg3+ 48. Kh1 Qf2 49. Nc2 Bh3 50. Ne1 d4 0-1

[Event "Campeonato de Chile FENACH 2004"]
[Site "?"]
[Date "2005.01.07"]
[Round "7"]
[White "Cuevas, Walter"]
[Black "Lopez, Hugo"]
[Result "0-1"]
[WhiteElo "2185"]
[BlackElo "2386"]
[PlyCount "122"]
[SourceDate "2005.01.04"]

1. e4 e5 2. Nf3 Nc6 3. d4 exd4 4. Nxd4 Bc5 5. Nxc6 Qf6 6. Qd2 dxc6 7. Nc3 Bd4
8. Bd3 Be6 9. O-O O-O-O 10. Qg5 Qxg5 11. Bxg5 f6 12. Bd2 Ne7 13. Nd1 Ng6 14.
Be3 c5 15. Be2 Rhe8 16. Bh5 Bc4 17. Bxg6 hxg6 18. Re1 Rxe4 19. c3 Bxe3 20. Nxe3
Bf7 21. f3 Re6 22. Kf2 a5 23. c4 a4 24. Red1 Rd4 25. Rac1 Rb6 26. Rc2 Rb4 27.
Rdc1 b6 28. Ke1 c6 29. Ke2 Be6 30. Kf2 Kd7 31. g3 g5 32. Ke2 g6 33. Rd1 Ke7 34.
a3 Rb3 35. Rdd2 Rxd2+ 36. Rxd2 {#} 36... b5 37. cxb5 cxb5 38. Kf2 b4 39. axb4
cxb4 40. Re2 a3 41. bxa3 bxa3 42. Nc2 Rd3 43. Nb4 Rd1 44. Rc2 Rb1 45. Rc7+ Kd6
46. Rc6+ Kd7 47. Ra6 Rb2+ 48. Ke3 Rxb4 49. Rxa3 Rb3+ 50. Rxb3 Bxb3 51. g4 Ke6
52. f4 gxf4+ 53. Kxf4 g5+ 54. Kg3 Ke5 55. Kf3 Bd1+ 56. Kg3 Ke4 57. h3 Ke3 58.
h4 gxh4+ 59. Kxh4 Kf4 60. g5 fxg5+ 61. Kh3 Kf3 0-1

[Event "Campeonato de Chile FENACH 2004"]
[Site "?"]
[Date "2005.01.07"]
[Round "7"]
[White "Lenoir, Gabriel"]
[Black "Rios, Adan"]
[Result "1-0"]
[WhiteElo "2202"]
[BlackElo "2235"]
[PlyCount "87"]
[SourceDate "2005.01.04"]

1. e4 c5 2. Nf3 Nc6 3. d4 cxd4 4. Nxd4 Nf6 5. Nc3 d6 6. Bc4 Qb6 7. Nb3 e6 8.
Be3 Qc7 9. Bd3 a6 10. O-O Be7 11. f4 O-O 12. Qf3 Nb4 13. a3 Nxd3 14. cxd3 b5
15. Rac1 Qb7 {#} 16. Na5 Qb8 17. e5 Nd5 18. Nxd5 exd5 19. Nc6 Qc7 20. Qxd5 Be6
21. Nxe7+ Qxe7 22. Qxd6 Qxd6 23. exd6 Bf5 24. Bb6 Rfe8 25. Rfe1 f6 26. Kf2 Kf8
27. b4 Rxe1 28. Rxe1 Rb8 29. Bc5 Rd8 30. Ke3 Bd7 31. Kd4 Re8 32. Re7 Rxe7 33.
dxe7+ Ke8 34. Kd5 Bf5 35. Kc6 Bxd3 36. Kb6 Bc2 37. Kxa6 Ba4 38. Kb6 Kd7 39. f5
g6 40. fxg6 hxg6 41. h4 Ke8 42. Kc6 Bc2 43. Kxb5 g5 44. hxg5 1-0

[Event "Campeonato de Chile FENACH 2004"]
[Site "?"]
[Date "2005.01.07"]
[Round "7"]
[White "Maturana, Ignacio"]
[Black "Arancibia, Eduardo"]
[Result "1/2-1/2"]
[WhiteElo "2142"]
[BlackElo "2364"]
[PlyCount "91"]
[SourceDate "2005.01.04"]

1. e4 c5 2. Nf3 Nc6 3. d4 cxd4 4. Nxd4 Nf6 5. Nc3 d6 6. Be2 e5 7. Nb3 Be7 8.
O-O O-O 9. Bg5 Nxe4 10. Bxe7 Nxc3 11. Bxd8 Nxd1 12. Bc7 Nxb2 13. Bxd6 Rd8 14.
Ba3 Na4 15. f4 Nd4 16. Nxd4 exd4 17. Bf3 Bf5 18. Rfc1 Rac8 19. Bxb7 Rxc2 20.
Bf3 h6 21. g4 Rxc1+ 22. Rxc1 Be6 23. Be7 Re8 24. Bh4 Nc3 25. Rc2 Bd5 26. Bxd5
Nxd5 27. Bg3 Re4 28. Kf2 Nc3 29. Rd2 a5 30. Kf3 Re3+ 31. Kg2 Re4 32. Kf3 Re3+
33. Kg2 Ne4 34. Rxd4 Nxg3 35. Rd8+ Kh7 36. hxg3 Re2+ 37. Kh3 Rxa2 38. Rd6 g6
39. Ra6 Kg7 40. Ra7 a4 41. Ra6 a3 42. Ra7 Kf6 43. Ra6+ Ke7 44. f5 g5 45. f6+
Kd7 {#} 46. Rd6+ 1/2-1/2

[Event "Campeonato de Chile FENACH 2004"]
[Site "?"]
[Date "2005.01.07"]
[Round "8"]
[White "Arancibia, Eduardo"]
[Black "Sepulveda, Jorge"]
[Result "1-0"]
[WhiteElo "2364"]
[BlackElo "2270"]
[PlyCount "51"]
[SourceDate "2005.01.04"]

1. Nf3 Nf6 2. d4 e6 3. c4 c5 4. Nc3 d5 5. cxd5 exd5 6. g3 Nc6 7. Bg2 h6 8. O-O
Be6 9. b3 b6 10. Bb2 Be7 11. Rc1 Rc8 {#} 12. dxc5 bxc5 13. Na4 Nb8 14. Bxf6
gxf6 15. Ne1 Qd6 16. Nd3 Na6 17. Nf4 d4 18. Qd3 Nb4 19. Qd2 Bf5 20. a3 Na6 21.
Bb7 Rb8 22. Bxa6 Qxa6 23. Nxc5 Qxa3 24. Qxd4 O-O 25. Nd5 Bxc5 26. Nxf6+ 1-0

[Event "Campeonato de Chile FENACH 2004"]
[Site "?"]
[Date "2005.01.07"]
[Round "8"]
[White "Llorens, Marcelo"]
[Black "Lenoir, Gabriel"]
[Result "1-0"]
[WhiteElo "2418"]
[BlackElo "2202"]
[PlyCount "57"]
[SourceDate "2005.01.04"]

1. e4 c5 2. Nf3 d6 3. Bc4 e6 4. d3 Nf6 5. c3 Be7 6. O-O d5 7. exd5 Nxd5 8. d4
Nf6 9. Re1 O-O 10. Bg5 Nbd7 11. Bd3 b6 12. Qe2 Bb7 13. Nbd2 cxd4 14. Nxd4 Re8
15. Rad1 Qc7 16. N2f3 Bf8 17. Bb1 e5 18. Nf5 e4 19. N3d4 Qc5 20. Qe3 Re5 21. b4
Qd5 22. Qh3 g6 {#} 23. Ne3 Qd6 24. Nc4 Qe7 25. Nxe5 Qxe5 26. Qh4 Bg7 27. f3 Qc7
28. Nb5 Qc6 29. Bxe4 1-0

[Event "Campeonato de Chile FENACH 2004"]
[Site "?"]
[Date "2005.01.07"]
[Round "8"]
[White "Vasquez, Rodrigo"]
[Black "Riffo, Elizardo"]
[Result "1-0"]
[WhiteElo "2561"]
[BlackElo "2299"]
[PlyCount "65"]
[SourceDate "2005.01.04"]

1. d4 d5 2. c4 c6 3. Nc3 e5 4. dxe5 d4 5. Ne4 Qa5+ 6. Bd2 Qxe5 7. Ng3 Nf6 8.
Nf3 Qd6 9. Qc2 Be7 10. e3 dxe3 11. fxe3 O-O 12. O-O-O Na6 13. Kb1 Ng4 14. Bd3
g6 15. Ne4 Qc7 16. h3 Ne5 17. Nxe5 Qxe5 18. Bc3 Qe6 19. h4 f5 20. Ng5 Bxg5 21.
hxg5 Nc5 22. g4 Ne4 23. gxf5 Nxc3+ 24. Qxc3 Rxf5 25. Bxf5 Qxf5+ 26. Ka1 Qxg5
27. Rhg1 Qe7 28. Rh1 Be6 29. e4 h5 30. Rdg1 Kh7 31. Qe5 Kh6 {#} 32. Rxg6+ Kxg6
33. Qxh5+ 1-0

[Event "Campeonato de Chile FENACH 2004"]
[Site "?"]
[Date "2005.01.07"]
[Round "8"]
[White "Valdes, Alvaro"]
[Black "Cuevas, Walter"]
[Result "1-0"]
[WhiteElo "2126"]
[BlackElo "2181"]
[PlyCount "80"]
[SourceDate "2005.01.04"]

1. c4 Nf6 2. Nc3 c5 3. g3 g6 4. Bg2 Bg7 5. Rb1 O-O 6. a3 d6 7. b4 Nc6 8. Nf3
Ne8 9. O-O e5 10. d3 f5 11. e4 f4 12. b5 Nb8 13. Ne1 g5 14. Bf3 Nf6 15. Nd5
Nbd7 16. Kh1 Nxd5 17. cxd5 Nf6 18. gxf4 gxf4 19. Rg1 Kh8 20. Bd2 Bd7 21. a4 b6
22. Nc2 Bh3 23. Na3 Qe7 24. Nc4 Rg8 25. a5 Nd7 26. Bg4 Bxg4 27. Qxg4 Rae8 28.
Qh3 Bf6 29. f3 bxa5 30. Bxa5 Nf8 31. Qh5 Ng6 32. Rg4 Rg7 33. Be1 Reg8 34. Bf2
Qd8 35. Rbg1 Nf8 36. Be1 Qe7 37. Qf5 Rg5 38. Rxg5 Rxg5 39. Rxg5 Bxg5 {#} 40.
Nxd6 Bf6 $138 1-0

[Event "Campeonato de Chile FENACH 2004"]
[Site "?"]
[Date "2005.01.07"]
[Round "8"]
[White "Lopez, Hugo"]
[Black "Vera, Sergio"]
[Result "1-0"]
[WhiteElo "2386"]
[BlackElo "2185"]
[PlyCount "111"]
[SourceDate "2005.01.04"]

1. e4 c5 2. c4 Nc6 3. Ne2 g6 4. d4 cxd4 5. Nxd4 Nf6 6. Nc3 d6 7. Nc2 Bg7 8. Be2
O-O 9. Be3 Bd7 10. O-O Ne5 11. f3 Qc7 12. b3 Rfc8 13. Rc1 Qd8 14. Qd2 Qf8 15.
Rfd1 h5 16. h3 Bc6 17. Nb4 Be8 18. Nbd5 Nxd5 19. Nxd5 Bc6 20. c5 e6 21. Nb4
dxc5 22. Bxc5 Qe8 23. Bd4 Qf8 24. Bc5 Qe8 25. Be3 Rd8 26. Qe1 a5 27. Nxc6 Nxc6
28. Bb5 Rdc8 29. Rc4 Qf8 30. Rdc1 Qd6 31. Bxc6 Rxc6 32. Rxc6 bxc6 33. Qd2 Qc7
34. Qc2 Ra6 35. Qc4 Qb7 36. Rd1 Bf6 37. Rc1 Bg7 38. a4 Kh7 39. Kf1 Bh6 40. Bxh6
Kxh6 41. Qc3 Kh7 42. Rd1 Ra8 43. Rd6 Qa6+ 44. Kg1 Rc8 45. Rd7 Kg8 46. Kh2 Qb6
47. Kg3 Qb8+ 48. f4 Qb6 49. Qf6 Rf8 {#} 50. Kh4 Qc5 51. e5 Qc2 52. Kg5 Qf5+ 53.
Qxf5 exf5 54. Kf6 c5 55. Ke7 Kg7 56. Rd8 1-0

[Event "Campeonato de Chile FENACH 2004"]
[Site "?"]
[Date "2005.01.07"]
[Round "8"]
[White "Rios, Adan"]
[Black "Maturana, Ignacio"]
[Result "1/2-1/2"]
[WhiteElo "2235"]
[BlackElo "2142"]
[PlyCount "185"]
[SourceDate "2005.01.04"]

1. e4 c5 2. Nf3 d6 3. c3 Nf6 4. Be2 Nc6 5. d4 e5 6. Bg5 Be7 7. Bxf6 Bxf6 8.
dxc5 dxc5 9. Qc2 O-O 10. O-O Be6 11. Nbd2 Qc7 12. Rfd1 a6 13. Nf1 g6 14. Ne3
Ne7 15. Bc4 Bxc4 16. Nxc4 b5 17. Ne3 Rfd8 18. a4 h5 19. h3 Rxd1+ 20. Rxd1 Rd8
21. Kf1 Kf8 22. Ke2 c4 23. g4 Rd6 24. Rxd6 Qxd6 25. Qd1 Qxd1+ 26. Kxd1 Nc6 27.
Kc2 Be7 28. gxh5 gxh5 29. Nd5 Bc5 30. Nc7 b4 31. cxb4 Nxb4+ 32. Kc3 a5 33. Kxc4
Bxf2 34. Nd5 Nxd5 35. Kxd5 f6 {#} 36. Kc4 Bb6 37. Kb5 Bc7 38. Nd2 Ke7 39. Nc4
Ke6 40. Kc6 Bd8 41. Ne3 Be7 42. Nd5 Bd8 43. Ne3 Be7 44. Kb5 Bb4 45. Kc4 Bd2 46.
Nf5 Be1 47. b3 Kf7 48. Kd3 Bb4 49. Ke2 Bc5 50. Kf3 Bb4 51. Ne3 Ke6 52. Ke2 Bc5
53. Nf5 Kf7 54. Kd3 Bb4 55. Kc4 Ke6 56. Ne3 Bd6 57. Nf1 Bb4 58. Ng3 Be1 59. Nf5
Bb4 60. Kb5 Be1 61. Kc6 Bb4 62. Kc7 Bc5 63. Kd8 Kf7 64. Kd7 Bb4 65. Kc7 Be1 66.
Kd6 Bb4+ 67. Kc6 Be1 68. Kd6 Bb4+ 69. Kd5 Bf8 70. Ne3 Bb4 71. Nc4 Be1 72. Nd6+
Ke7 73. Nc8+ Kd7 74. Na7 Bb4 75. Nc6 Be1 76. Kc5 Ke6 {#} 77. b4 axb4 78. Kc4 f5
79. a5 fxe4 80. a6 Bf2 81. Nxb4 Kf5 82. Kd5 Kf4 83. Nc2 Ba7 84. Kc4 e3 85. Kd3
Kf3 86. Ne1+ Kf2 87. Nc2 e2 88. Ke4 Bd4 89. h4 e1=Q+ 90. Nxe1 Kxe1 91. a7 Bxa7
92. Kxe5 Kf2 93. Kf5 1/2-1/2

[Event "Campeonato de Chile FENACH 2004"]
[Site "?"]
[Date "2005.01.08"]
[Round "9"]
[White "Lenoir, Gabriel"]
[Black "Lopez, Hugo"]
[Result "0-1"]
[WhiteElo "2202"]
[BlackElo "2386"]
[PlyCount "82"]
[SourceDate "2005.01.04"]

1. e4 e5 2. Nf3 Nc6 3. d4 exd4 4. Nxd4 Bc5 5. Nb3 Bb4+ 6. Bd2 Nf6 7. Bxb4 Nxb4
8. Nc3 O-O 9. Qd2 Re8 10. O-O-O d6 11. a3 Nc6 12. f3 Be6 13. Kb1 a6 14. Nd4
Nxd4 15. Qxd4 Qe7 16. Bc4 Rad8 17. Rhe1 Rd7 18. g4 Bxc4 19. Qxc4 Qe5 20. Nd5 c6
21. Nxf6+ Qxf6 22. Rf1 Qf4 23. Qe2 {#} 23... f5 24. gxf5 Qxf5 25. Rd3 Qe5 26.
Qd2 Rf8 27. Rd1 Rdf7 28. Rxd6 Rxf3 29. Rd7 b5 30. Qb4 c5 31. Qa5 Qxe4 32. Qc7
Rf2 33. Qxc5 h6 34. Re7 Qg6 35. Rdd7 R8f7 36. Rd8+ Rf8 37. Rdd7 R8f7 38. Rxf7
Rxf7 39. Qd5 Qf6 40. Ka2 Qf1 {#} 41. Kb3 Qc4+ 0-1

[Event "Campeonato de Chile FENACH 2004"]
[Site "?"]
[Date "2005.01.08"]
[Round "10"]
[White "Vasquez, Rodrigo"]
[Black "Arancibia, Eduardo"]
[Result "1/2-1/2"]
[WhiteElo "2561"]
[BlackElo "2364"]
[PlyCount "24"]
[SourceDate "2005.01.04"]

1. e4 c5 2. Nf3 d6 3. Bc4 Nf6 4. d3 Nc6 5. c3 g6 6. h3 Bg7 7. Bb3 O-O 8. O-O
Rb8 9. a4 a6 10. Re1 b5 11. axb5 axb5 12. d4 e5 1/2-1/2

[Event "Campeonato de Chile FENACH 2004"]
[Site "?"]
[Date "2005.01.08"]
[Round "10"]
[White "Llorens, Marcelo"]
[Black "Sepúlveda, Jorge"]
[Result "0-1"]
[WhiteElo "2418"]
[BlackElo "2270"]
[PlyCount "60"]
[SourceDate "2005.01.04"]

1. e4 c5 2. Nf3 Nc6 3. b4 cxb4 4. d4 d5 5. exd5 Qxd5 6. c4 bxc3 7. Nxc3 Qa5 8.
d5 Nb8 9. Bd2 Nf6 10. Rc1 Qd8 11. Ne5 a6 12. Qa4+ Nbd7 13. g4 h6 {#} 14. Nb5
Nxd5 15. Bg2 axb5 16. Bxd5 Nxe5 17. Qxa8 Nd3+ 18. Kf1 Nxc1 19. Bxc1 Qxd5 20.
Qxc8+ Qd8 21. Qxb7 Qd1+ 22. Kg2 Qxg4+ 23. Kf1 Qc4+ 24. Kg2 f6 25. Be3 Qg4+ 26.
Kf1 Qf5 27. Ke2 Qc2+ 28. Kf3 Qxa2 29. Qxb5+ Kf7 30. h4 Qa8+ 0-1

[Event "Campeonato de Chile FENACH 2004"]
[Site "?"]
[Date "2005.01.08"]
[Round "10"]
[White "Rios, Adan"]
[Black "Riffo, Elizardo"]
[Result "0-1"]
[WhiteElo "2235"]
[BlackElo "2299"]
[PlyCount "104"]
[SourceDate "2005.01.04"]

1. e4 e6 2. d4 d5 3. Nc3 Bb4 4. e5 c5 5. a3 Bxc3+ 6. bxc3 Ne7 7. Qg4 O-O 8. Bd3
f5 9. exf6 Rxf6 10. Bg5 Nd7 11. Qh4 h6 12. Bxf6 Nxf6 13. Nf3 Qa5 14. O-O c4 15.
Be2 Qxc3 16. Rfc1 Nf5 17. Qf4 Ne4 18. Qe5 Bd7 19. g4 Nfd6 20. Qf4 Rf8 21. Qe3
Ba4 22. Kf1 Qxe3 23. fxe3 Nc3 24. Ke1 Nde4 {#} 25. Nd2 Nxe2 26. Nxe4 Nxc1 27.
Nc5 Bxc2 28. Rxc1 Bh7 29. Nxb7 Rf3 30. Rc3 Rh3 31. Nd8 Bd3 32. Kf2 Rxh2+ 33.
Kf3 Be4+ 34. Kf4 Rc2 35. Rxc2 Bxc2 36. Nxe6 c3 37. Nc5 Be4 38. Kg3 c2 39. Nb3
Kf7 40. Kf4 Kf6 41. Nc1 g5+ 42. Kg3 Kg6 43. a4 a5 44. Nb3 h5 45. Kh3 hxg4+ 46.
Kxg4 Bd3 47. Nc1 Bc4 48. Kf3 Kf5 49. e4+ dxe4+ 50. Ke3 g4 51. d5 g3 52. d6 Ke6
0-1

[Event "Campeonato de Chile FENACH 2004"]
[Site "?"]
[Date "2005.01.08"]
[Round "10"]
[White "Valdes, Alvaro"]
[Black "Lenoir, Gabriel"]
[Result "0-1"]
[WhiteElo "2126"]
[BlackElo "2202"]
[PlyCount "94"]
[SourceDate "2005.01.04"]

1. c4 d6 2. Nc3 g6 3. g3 Bg7 4. Bg2 e5 5. e4 Nc6 6. Nge2 f5 7. d3 Nf6 8. O-O
O-O 9. a3 Be6 10. Nd5 Qd7 11. Rb1 h6 12. b4 Nd8 13. Bb2 Nh5 14. f4 c6 15. Ne3
exf4 16. Bxg7 Kxg7 17. Nxf4 Nxf4 18. Rxf4 fxe4 19. Rxf8 Kxf8 20. Bxe4 Bf7 21.
Qf3 Kg7 22. Rf1 Qe7 23. h4 Ne6 24. Qg4 Nd4 25. Kh2 h5 26. Qf4 Ne6 27. Qf3 Rf8
28. Qg2 Nd4 29. Nc2 Qe5 30. Nxd4 Qxd4 {#} 31. Qg1 Qxg1+ 32. Kxg1 d5 33. cxd5
cxd5 34. Bf3 Rc8 35. Kf2 Rc3 36. Ke3 Rxa3 37. Rb1 Kf6 38. Kd4 b6 39. Bd1 Be6
40. Bb3 a6 41. Rb2 a5 42. bxa5 bxa5 43. Bc2 Ra1 44. Bb1 a4 45. Kc3 a3 46. Rf2+
Ke7 47. Bc2 d4+ 0-1

[Event "Campeonato de Chile FENACH 2004"]
[Site "?"]
[Date "2005.01.09"]
[Round "11"]
[White "Riffo, Elizardo"]
[Black "Llorens, Marcelo"]
[Result "1/2-1/2"]
[WhiteElo "2299"]
[BlackElo "2418"]
[PlyCount "41"]
[SourceDate "2005.01.04"]

1. e4 c5 2. Nf3 Nc6 3. d4 cxd4 4. Nxd4 Nf6 5. Nc3 e5 6. Nf5 d5 7. exd5 Bxf5 8.
dxc6 bxc6 9. Ba6 Qb6 10. Qe2 Bd6 11. O-O O-O 12. Bc4 Rfe8 13. Bb3 e4 14. Bg5
Be5 15. Kh1 Qc7 16. f4 exf3 17. Qxf3 Bg4 18. Qf2 h6 19. Bh4 Rad8 20. Rae1 Bd4
21. Rxe8+ 1/2-1/2

[Event "Campeonato de Chile FENACH 2004"]
[Site "?"]
[Date "2005.01.09"]
[Round "11"]
[White "Sepulveda, Jorge"]
[Black "López, Hugo"]
[Result "0-1"]
[WhiteElo "2270"]
[BlackElo "2386"]
[PlyCount "72"]
[SourceDate "2005.01.04"]

1. e4 e5 2. Nf3 Nc6 3. d4 exd4 4. Nxd4 Bc5 5. Nxc6 Qf6 6. Qd2 dxc6 7. Bd3 Be6
8. Nc3 O-O-O 9. Qg5 Bxf2+ 10. Ke2 Bd4 11. Rf1 Qxg5 12. Bxg5 f6 13. Bd2 Ne7 14.
h3 Ng6 15. Nd1 Ne5 16. Bc3 c5 17. Bxd4 Rxd4 18. Ke3 Bc4 19. Bxc4 Nxc4+ 20. Kf2
Rxe4 21. Kg1 Re2 22. b3 Nd2 23. Nc3 Re3 24. Rfd1 Rd8 25. Na4 c4 26. Re1 Rde8
27. Rxe3 Rxe3 28. Rd1 cxb3 29. axb3 Ne4 30. Rd4 b5 31. Nb2 Re1+ 32. Kh2 Re2 33.
Nd3 Ng5 34. Kg3 Rxc2 35. b4 Rd2 36. Kg4 Rxg2+ 0-1

[Event "Campeonato de Chile FENACH 2004"]
[Site "?"]
[Date "2005.01.09"]
[Round "11"]
[White "Lenoir, Gabriel"]
[Black "Cuevas, Walter"]
[Result "1-0"]
[WhiteElo "2202"]
[BlackElo "2185"]
[PlyCount "57"]
[SourceDate "2005.01.04"]

1. e4 c6 2. d3 d5 3. Nd2 dxe4 4. dxe4 Nf6 5. Ngf3 Bg4 6. h3 Bh5 7. e5 Nd5 8. e6
fxe6 9. g4 Bf7 10. Ng5 Nd7 11. Nxf7 Kxf7 12. Qf3+ Ke8 13. c4 Nb4 14. Qc3 c5 15.
Nb3 Qc7 16. Be3 Qc6 17. Rg1 Qe4 18. Rd1 Nc2+ 19. Ke2 Nxe3 20. fxe3 Qc6 21. Bg2
Qc7 22. Qa5 b6 23. Qa4 Rc8 24. Rd2 b5 25. Qxb5 Rd8 26. Rgd1 g6 27. Rxd7 Rxd7
28. Rxd7 Qh2 29. Rd4+ 1-0

[Event "Campeonato de Chile FENACH 2004"]
[Site "?"]
[Date "2005.01.09"]
[Round "11"]
[White "Maturana, Ignacio"]
[Black "Valdés, Alvaro"]
[Result "0-1"]
[WhiteElo "2142"]
[BlackElo "2126"]
[PlyCount "92"]
[SourceDate "2005.01.04"]

1. e4 c5 2. Nc3 Nc6 3. f4 g6 4. Nf3 Bg7 5. Bc4 e6 6. f5 Nge7 7. fxg6 fxg6 8. d3
O-O 9. Bg5 a6 10. O-O b5 11. Bd5 Bb7 12. Qe1 h6 13. Qh4 Rxf3 14. Rxf3 hxg5 15.
Qxg5 Nxd5 16. Qxd8+ Rxd8 17. exd5 Ne5 18. Rg3 exd5 19. d4 Nf7 20. Rxg6 Kh7 21.
Rb6 Bxd4+ 22. Kh1 Bxc3 23. bxc3 Bc6 24. Re1 Ra8 25. Kg1 Kg7 26. h4 Nd6 27. Re7+
Kf6 28. Rh7 Nc4 29. Rxd7 Nxb6 30. Rd6+ Kf5 31. Rxc6 Na4 32. Kf2 Kg4 33. g3 Nxc3
34. Re6 Ne4+ 35. Kg2 Kf5 36. Rb6 Rg8 37. Rxa6 Rxg3+ 38. Kh2 Rc3 39. h5 Rxc2+
40. Kh3 Rc3+ 41. Kh2 Nf6 42. h6 d4 43. Kg2 d3 44. Kf3 d2+ 45. Ke2 Rd3 46. Kd1
Ne4 0-1